[Event "GRE-chT 45th"]
[Site "Achaia"]
[Date "2017.07.07"]
[Round "6.4"]
[White "Tzagarakis, Panagiotis"]
[Black "Magoulas, Dionisis"]
[Result "1-0"]
[WhiteElo "1670"]
[BlackElo "1150"]
[PlyCount "107"]
[EventDate "2017.07.03"]
[EventType "team-swiss"]
[EventRounds "7"]
[EventCountry "GRE"]
[SourceTitle "CBM 179 Extra"]
[Source "ChessBase"]
[SourceDate "2017.08.23"]
[SourceVersion "1"]
[SourceVersionDate "2017.08.23"]
[SourceQuality "1"]
[WhiteTeam "Chania Kaissa"]
[BlackTeam "Irakleiou Attikis"]
[WhiteTeamCountry "GRE"]
[BlackTeamCountry "GRE"]

1. e4 e5 2. Nf3 Nf6 3. d4 Nxe4 4. dxe5 d5 5. Nbd2 Nc6 6. Bb5 Bg4 7. Qe2 Nxd2 8. Bxd2 Bc5 9. h3 Bh5 10. g4 Bg6 11. Bg5 Be7 12. Be3 Qd7 13. 0-0-0 a6 14. Ba4 Be4 15. Rhe1 Bxf3 16. Qxf3 0-0-0 17. Qxf7 Bb4 18. Qxd7+ Rxd7 19. c3 Be7 20. f4 g6 21. Bb3 Rhd8 22. e6 Rd6 23. Bc5 Rxe6 24. Rxe6 Bxc5 25. Bxd5 Bd6 26. Bxc6 bxc6 27. f5 gxf5 28. gxf5 Rf8 29. f6 Kd7 30. Rde1 Bf4+ 31. Kc2 Bd6 32. b4 h5 33. Kb3 c5 34. bxc5 Bxc5 35. Rxa6 Bb6 36. a4 Bc5 37. Ra5 Bd6 38. Rf1 h4 39. Rh5 Bg3 40. f7 Ke7 41. Rg5 Rxf7 42. Rxf7+ Kxf7 43. a5 Ke6 44. a6 Bf2 45. Rh5 Ke7 46. Rxh4 Bb6 47. Ra4 Ba7 48. h4 Kf6 49. Rb4 Bb6 50. Rxb6+ cxb6 51. a7 Kg6 52. a8Q Kh5 53. Qd8 b5 54. Qg5# 1-0